Trincheras : el campo cultural en bahía blanca entre 1963 y 1968 /

Guardado en:
Autor Principal: López Pascual, Juliana
Formato: Libro
Publicado: Bahía Blanca : Ediuns, 2015
Series:Extensión. Estudios Sociales y Humanidades
Materias:
Etiquetas: Agregar Etiqueta
Sin Etiquetas, Sea el primero en etiquetar este registro!
LEADER 01148nam a22002415a 4500
001 CEM.cems014912
005 20180522142917.0
008 130507s2015##################000#0#####d
003 CEMS
020 |a 9789876550390 
082 0 4 |a 982.1 
100 1 |a López Pascual, Juliana 
245 1 0 |a Trincheras :  |b el campo cultural en bahía blanca entre 1963 y 1968 /  |c  Juliana López Pascual 
260 |a Bahía Blanca :  |b Ediuns,  |c 2015 
300 |a 126 p. 
490 0 |a Extensión. Estudios Sociales y Humanidades 
500 |a Tesina de licenciatura en Historia 
505 0 |a La "Revolución" de austral -- Las actividades en el MMBA durante la gestión de Ubaldo Tognetti -- La Revista del Museo -- La abstracción en progreso -- Los pinceles y la guerra: las representaciones del enfrentamiento -- Artistas del sur en el campo cultural -- La Peña La Carbonilla y el Grupo Bahía Blanca -- De cómoi el arte se volvió una guerra -- El fin de la primavera moderna 
653 |a Historia 
653 |a Historia bahiense 
653 |a Historia bahía blanca 
653 |a Historia cultural 
859 |a CEMS  |b BIB. CEMS - 11 de abril  |h 982.1  |i L881  |p 27543.18  |t Ej.1